000 00411nam a22001697a 4500
005 20180609115930.0
008 160630b xxu||||| |||| 00| 0 eng d
020 _a978-93-5014-314-8
041 _aeng
082 _b14570
_a621.381 5
100 _aGupta, J B
_93167
245 _aElectronic Devices & Circuits
260 _bKatson
_c2012
300 _a1000
650 _aDiploma Engineering
_9817
942 _cBK
999 _c4948
_d4946